| 000 | 00544nam a2200169Ia 4500 | ||
|---|---|---|---|
| 005 | 20250317123846.0 | ||
| 008 | 008 250317s9999 xx 000 0 eng d | ||
| 037 | _aTextbook | ||
| 040 |
_aFMSL _beng _cFMSL |
||
| 041 |
_aeng _2eng |
||
| 084 |
_aS4(X8)A P7.21 _qFMSL |
||
| 100 | _aHodgkinson G P | ||
| 245 | 0 | _aInternational review of industrial and organizational psychology | |
| 260 |
_aUnited Kingdom _bUnited Kingdom, Wiley _c2006 |
||
| 942 |
_cTB _hS4(X8)A P7.21 |
||
| 999 |
_c1253041 _d1253041 |
||